<?xml version="1.0" encoding="UTF-8"?>
<record
    xmlns:xsi="http://www.w3.org/2001/XMLSchema-instance"
    xsi:schemaLocation="http://www.loc.gov/MARC21/slim http://www.loc.gov/standards/marcxml/schema/MARC21slim.xsd"
    xmlns="http://www.loc.gov/MARC21/slim">

  <leader>01510nam a2200253 i 4500</leader>
  <controlfield tag="001">47782</controlfield>
  <controlfield tag="003">ES-MaACL</controlfield>
  <controlfield tag="005">20250811160455.0</controlfield>
  <controlfield tag="007">t|</controlfield>
  <controlfield tag="008">030527m19571980sp           ||||1| lat d</controlfield>
  <datafield tag="080" ind1=" " ind2=" ">
    <subfield code="a">22.055</subfield>
  </datafield>
  <datafield tag="240" ind1="1" ind2="0">
    <subfield code="a">Biblia</subfield>
  </datafield>
  <datafield tag="245" ind1="1" ind2="0">
    <subfield code="a">Biblia polyglotta matritensia / </subfield>
    <subfield code="c">cura et studio Ayuso, T. Bellet, P. Bover, J.M. Cantera ... allisque plurimis collaborantibus peritis.</subfield>
  </datafield>
  <datafield tag="260" ind1=" " ind2=" ">
    <subfield code="a">Matriti : </subfield>
    <subfield code="b">Consejo Superior de Investigaciones Cient&#xED;ficas : </subfield>
    <subfield code="b">Editorial Cat&#xF3;lica, </subfield>
    <subfield code="c">1957-1980.</subfield>
  </datafield>
  <datafield tag="300" ind1=" " ind2=" ">
    <subfield code="a">6 v. ; </subfield>
    <subfield code="c">31 cm.</subfield>
  </datafield>
  <datafield tag="505" ind1="8" ind2=" ">
    <subfield code="a">Contiene: Prooemium - Series IV. Vetus Testamentum Arameum: Targum Palaestinense. Additur Targum Pseudojonatan... - L.2. Exodus / editio critica curante Alexandro Diez Macho... - L.3. Leviticus / editio critica curante Alexandro Diez Macho... - L.5. Deuteronium / editio critica curante Alexandro D&#xED;ez Macho - Series VII. Vetus Latina - L.21. Psalterium Visigothicum-Mozarabicum / editio critica curante Theophilo Ayuso Marazuela - Series VIII. Vulgata Hispana - L.21. Psalterium Hieronymi de Hebraica veritate interpretum / editio critica curante Teophilo Ayuso Marazuela</subfield>
  </datafield>
  <datafield tag="700" ind1="1" ind2=" ">
    <subfield code="a">Ayuso Marazuela, Te&#xF3;filo, </subfield>
    <subfield code="d">1906-1962</subfield>
    <subfield code="9">24206</subfield>
  </datafield>
  <datafield tag="700" ind1="1" ind2=" ">
    <subfield code="a">S&#xE1;nchez de Muniain y Gil, Jos&#xE9; Mar&#xED;a.</subfield>
    <subfield code="9">102590</subfield>
  </datafield>
  <datafield tag="700" ind1="1" ind2=" ">
    <subfield code="a">O'Callaghan, Jos&#xE9;, </subfield>
    <subfield code="d">1922-2001</subfield>
    <subfield code="9">140205</subfield>
  </datafield>
  <datafield tag="700" ind1="1" ind2=" ">
    <subfield code="a">D&#xED;ez Macho, Alejandro.</subfield>
    <subfield code="9">44745</subfield>
  </datafield>
  <datafield tag="710" ind1="2" ind2=" ">
    <subfield code="a">Consejo Superior de Investigaciones Cient&#xED;ficas (Espa&#xF1;a)</subfield>
    <subfield code="9">3236</subfield>
  </datafield>
  <datafield tag="852" ind1=" " ind2=" ">
    <subfield code="a">ES-MaACL</subfield>
    <subfield code="j">P-1059</subfield>
  </datafield>
  <datafield tag="999" ind1=" " ind2=" ">
    <subfield code="c">47782</subfield>
    <subfield code="d">47782</subfield>
  </datafield>
  <datafield tag="952" ind1=" " ind2=" ">
    <subfield code="0">0</subfield>
    <subfield code="1">0</subfield>
    <subfield code="4">0</subfield>
    <subfield code="7">0</subfield>
    <subfield code="a">ATENEOM</subfield>
    <subfield code="b">ATENEOM</subfield>
    <subfield code="c">DEPO2</subfield>
    <subfield code="d">2008-01-17</subfield>
    <subfield code="e">SC</subfield>
    <subfield code="l">0</subfield>
    <subfield code="o">P-1059</subfield>
    <subfield code="p">1050282</subfield>
    <subfield code="r">2023-02-23 00:00:00</subfield>
    <subfield code="w">2023-02-23</subfield>
    <subfield code="y">MONOGRAFIA</subfield>
  </datafield>
</record>
